00613nam a2200181Ia 4500008004100000082001300041100001600054245004700070250000800117260003100125300001100156500002400167650001200191942000700203952010200210952010200312999001700414230524s9999 xx 000 0 und d a530bLIM aLimyung-Kuo 0aProblems and Solutions on Quntum Mechanics a1ST aCALCUTTAbSarat Bookc2001 aIX;751 aQuantity Number: 2 aPhysics cBK 00104070aTATCLbTATCLcGENd2023-05-24l0o530 LIMp6664r2023-05-24w2023-05-24yBKzBSCP2101 00104070aTATCLbTATCLcGENd2023-05-24l0o530 LIMp6665r2023-05-24w2023-05-24yBKzBSCP2101 c21397d21397